[Event "Grand Swiss "]
[Date "2025.09.09"]
[White "Jobava, Baadur"]
[Black "Anton Guijarro, David"]
[WhiteElo "2590"]
[BlackElo "2625"]
[Round "6.6.49"]
[Result "1/2-1/2"]

1. e4 {[%clk 01:40:29] [%emt 00:00:30]} e5 {[%clk 01:40:44] [%emt 00:00:17]} 2.
Nf3 {[%clk 01:40:41] [%emt 00:00:18]} Nc6 {[%clk 01:41:05] [%emt 00:00:09]} 3.
d4 {[%clk 01:40:52] [%emt 00:00:18]} exd4 {[%clk 01:41:16] [%emt 00:00:20]} 4.
Nxd4 {[%clk 01:41:15] [%emt 00:00:07]} Nf6 {[%clk 01:40:50] [%emt 00:00:56]} 5.
Nxc6 {[%clk 01:41:30] [%emt 00:00:15]} bxc6 {[%clk 01:41:11] [%emt 00:00:09]} 6.
Bd3 {[%clk 01:41:51] [%emt 00:00:09]} d5 {[%clk 01:40:25] [%emt 00:01:17]} 7.
exd5 {[%clk 01:42:12] [%emt 00:00:08]} cxd5 {[%clk 01:40:46] [%emt 00:00:09]} 8.
O-O {[%clk 01:42:35] [%emt 00:00:07]} Be7 {[%clk 01:40:10] [%emt 00:01:06]} 9.
h3 {[%clk 01:42:52] [%emt 00:00:13]} O-O {[%clk 01:39:26] [%emt 00:01:14]} 10.
Nd2 {[%clk 01:43:09] [%emt 00:00:13]} a5 {[%clk 01:38:04] [%emt 00:01:52]} 11.
a4 {[%clk 01:38:56] [%emt 00:04:43]} Bb7 {[%clk 01:35:18] [%emt 00:03:16]} 12.
Re1 {[%clk 01:35:22] [%emt 00:04:04]} Bd6 {[%clk 01:19:22] [%emt 00:16:27]} 13.
b3 {[%clk 01:32:53] [%emt 00:02:58]} Bb4 {[%clk 01:16:25] [%emt 00:03:26]} 14.
Bb2 {[%clk 01:16:22] [%emt 00:17:02]} d4 {[%clk 01:05:35] [%emt 00:11:20]} 15.
Ba3 {[%clk 01:12:10] [%emt 00:04:43]} Qd5 {[%clk 01:00:21] [%emt 00:05:42]} 16.
Bf1 {[%clk 01:10:33] [%emt 00:02:08]} c5 {[%clk 00:51:37] [%emt 00:09:14]} 17.
Bxb4 {[%clk 01:09:33] [%emt 00:01:30]} cxb4 {[%clk 00:52:03] [%emt 00:00:04]}
18. Nc4 {[%clk 01:08:23] [%emt 00:01:40]} Rae8 {[%clk 00:51:47] [%emt 00:00:45]}
19. Qd2 {[%clk 01:05:43] [%emt 00:03:10]} Ne4 {[%clk 00:40:16] [%emt 00:12:01]}
20. Qf4 {[%clk 01:03:44] [%emt 00:02:29]} Re6 {[%clk 00:40:10] [%emt 00:00:35]}
21. f3 {[%clk 01:02:31] [%emt 00:01:43]} Nc3 {[%clk 00:34:13] [%emt 00:06:27]}
22. Rxe6 {[%clk 00:59:01] [%emt 00:04:01]} fxe6 {[%clk 00:31:55] [%emt
00:02:49]} 23. Qc7 {[%clk 00:53:09] [%emt 00:06:21]} d3 {[%clk 00:29:55] [%emt
00:02:30]} 24. Bxd3 {[%clk 00:53:33] [%emt 00:00:06]} Qd4+ {[%clk 00:29:45]
[%emt 00:00:40]} 25. Kh2 {[%clk 00:53:58] [%emt 00:00:05]} Nd5 {[%clk 00:29:25]
[%emt 00:00:50]} 26. Qe5 {[%clk 00:54:16] [%emt 00:00:12]} Qxe5+ {[%clk
00:29:45] [%emt 00:00:11]} 27. Nxe5 {[%clk 00:54:41] [%emt 00:00:04]} Nf4 {[%clk
00:30:06] [%emt 00:00:09]} 28. Rd1 {[%clk 00:17:05] [%emt 00:38:06]} Nxd3 {[%clk
00:15:30] [%emt 00:15:07]} 29. Rxd3 {[%clk 00:17:04] [%emt 00:00:30]} Bd5 {[%clk
00:15:08] [%emt 00:00:52]} 30. h4 {[%clk 00:13:08] [%emt 00:04:26]} Rc8 {[%clk
00:14:57] [%emt 00:00:41]} 31. Rd2 {[%clk 00:13:33] [%emt 00:00:06]} Kf8 {[%clk
00:13:35] [%emt 00:01:51]} 32. Kg3 {[%clk 00:13:13] [%emt 00:00:50]} Ke7 {[%clk
00:13:58] [%emt 00:00:06]} 33. Kf4 {[%clk 00:13:25] [%emt 00:00:18]} Rf8+ {[%clk
00:08:19] [%emt 00:06:10]} 34. Ke3 {[%clk 00:08:31] [%emt 00:05:24]} Rf5 {[%clk
00:08:42] [%emt 00:00:06]} 35. f4 {[%clk 00:07:40] [%emt 00:01:22]} Rf8 {[%clk
00:08:22] [%emt 00:00:50]} 36. Re2 {[%clk 00:02:25] [%emt 00:05:45]} Kd6 {[%clk
00:05:20] [%emt 00:03:32]} 37. g3 {[%clk 00:02:32] [%emt 00:00:23]} Rc8 {[%clk
00:05:17] [%emt 00:00:33]} 38. Kd2 {[%clk 00:02:56] [%emt 00:00:06]} h6 {[%clk
00:01:19] [%emt 00:04:29]} 39. Re3 {[%clk 00:02:19] [%emt 00:01:06]} Rb8 {[%clk
00:01:29] [%emt 00:00:20]} 40. Rd3 {[%clk 00:01:03] [%emt 00:01:46]} Rb7 {[%clk
00:01:09] [%emt 00:00:49]} 41. Re3 {[%clk 00:42:00] [%emt 00:09:34]} Rb8 {[%clk
00:49:58] [%emt 00:01:41]} 42. Ng4 {[%clk 00:41:57] [%emt 00:00:33]} Kc5 {[%clk
00:35:24] [%emt 00:15:03]} 43. Kd3 {[%clk 00:39:26] [%emt 00:03:01]} Rd8 {[%clk
00:35:31] [%emt 00:00:24]} 44. Re5 {[%clk 00:39:40] [%emt 00:00:16]} Kb6 {[%clk
00:35:00] [%emt 00:01:01]} 45. Ke2 {[%clk 00:39:15] [%emt 00:00:55]} Kc5 {[%clk
00:34:40] [%emt 00:00:50]} 46. Ke3 {[%clk 00:38:37] [%emt 00:01:08]} Rd7 {[%clk
00:33:00] [%emt 00:02:10]} 47. h5 {[%clk 00:38:32] [%emt 00:00:35]} Kc6 {[%clk
00:28:58] [%emt 00:04:33]} 48. Nf2 {[%clk 00:37:36] [%emt 00:01:25]} Rc7 {[%clk
00:29:03] [%emt 00:00:25]} 49. Kd2 {[%clk 00:36:43] [%emt 00:01:23]} Rd7 {[%clk
00:27:58] [%emt 00:01:35]} 50. Nd3 {[%clk 00:34:42] [%emt 00:02:30]} Kd6 {[%clk
00:28:02] [%emt 00:00:26]} 51. Nc1 {[%clk 00:32:38] [%emt 00:02:35]} Ke7 {[%clk
00:26:40] [%emt 00:01:52]} 52. Nd3 {[%clk 00:32:40] [%emt 00:00:27]} Kd6 {[%clk
00:27:07] [%emt 00:00:04]} 53. Nb2 {[%clk 00:29:50] [%emt 00:03:21]} Ke7 {[%clk
00:24:25] [%emt 00:03:11]} 54. Kc1 {[%clk 00:26:43] [%emt 00:03:37]} Rc7 {[%clk
00:23:03] [%emt 00:01:52]} 55. Re3 {[%clk 00:24:42] [%emt 00:02:31]} Kf6 {[%clk
00:19:21] [%emt 00:04:12]} 56. Nd1 {[%clk 00:24:57] [%emt 00:00:15]} Ke7 {[%clk
00:17:12] [%emt 00:02:39]} 57. Kb2 {[%clk 00:23:23] [%emt 00:02:05]} Rd7 {[%clk
00:16:03] [%emt 00:01:39]} 58. Re5 {[%clk 00:20:49] [%emt 00:03:03]} Kd6 {[%clk
00:11:30] [%emt 00:05:03]} 59. Ne3 {[%clk 00:17:04] [%emt 00:04:15]} Rc7 {[%clk
00:10:31] [%emt 00:01:29]} 60. Nxd5 {[%clk 00:13:56] [%emt 00:03:38]} exd5
{[%clk 00:10:56] [%emt 00:00:05]} 61. Re8 {[%clk 00:13:46] [%emt 00:00:40]} Rc3
{[%clk 00:11:05] [%emt 00:00:20]} 62. Ra8 {[%clk 00:14:11] [%emt 00:00:05]} Rxg3
{[%clk 00:10:08] [%emt 00:01:28]} 63. Ra6+ {[%clk 00:14:36] [%emt 00:00:05]} Kc5
{[%clk 00:09:13] [%emt 00:01:24]} 64. Rxa5+ {[%clk 00:15:00] [%emt 00:00:07]}
Kc6 {[%clk 00:09:41] [%emt 00:00:01]} 65. Ra6+ {[%clk 00:13:40] [%emt 00:01:51]}
Kc5 {[%clk 00:09:52] [%emt 00:00:19]} 66. Rg6 {[%clk 00:13:59] [%emt 00:00:10]}
Rf3 {[%clk 00:02:23] [%emt 00:07:59]} 67. Rxg7 {[%clk 00:13:58] [%emt 00:00:32]}
Rxf4 {[%clk 00:02:45] [%emt 00:00:08]} 68. Rg6 {[%clk 00:08:27] [%emt 00:06:00]}
d4 {[%clk 00:02:27] [%emt 00:00:48]} 69. Rxh6 {[%clk 00:08:37] [%emt 00:00:21]}
d3 {[%clk 00:01:53] [%emt 00:01:03]} 70. cxd3 {[%clk 00:08:00] [%emt 00:01:08]}
Rf2+ {[%clk 00:02:14] [%emt 00:00:09]} 71. Kc1 {[%clk 00:08:23] [%emt 00:00:07]}
Kd4 {[%clk 00:00:47] [%emt 00:01:57]} 72. Rc6 {[%clk 00:08:45] [%emt 00:00:08]}
Kxd3 {[%clk 00:14:20] [%emt 00:01:57]} 73. h6 {[%clk 00:11:57] [%emt 00:12:17]}
Rh2 {[%clk 00:13:57] [%emt 00:00:53]} 74. Rd6+ {[%clk 00:09:36] [%emt 00:02:52]}
Kc3 {[%clk 00:14:19] [%emt 00:00:07]} 75. Kd1 {[%clk 00:10:01] [%emt 00:00:05]}
Rh5 {[%clk 00:12:42] [%emt 00:02:07]} 76. Ke2 {[%clk 00:08:22] [%emt 00:02:09]}
Kxb3 {[%clk 00:12:57] [%emt 00:00:15]} 77. Kf3 {[%clk 00:08:47] [%emt 00:00:05]}
Kxa4 {[%clk 00:13:17] [%emt 00:00:11]} 1/2-1/2

[Site "Europe Echecs"]

[Event "Grand Swiss "]
[Date "2025.09.09"]
[White "Amin, Bassem"]
[Black "Suyarov, Mukhammadzokhid"]
[WhiteElo "2636"]
[BlackElo "2482"]
[Round "6.6.50"]
[Result "1-0"]

1. e4 {[%emt 00:00:45]} e5 {[%clk 01:40:25] [%emt 00:00:10]} 2. Nc3 {[%clk
01:40:14] [%emt 00:00:54]} Nf6 {[%clk 01:39:53] [%emt 00:01:03]} 3. d4 {[%clk
01:37:25] [%emt 00:03:20]} exd4 {[%clk 01:39:59] [%emt 00:00:23]} 4. Qxd4 {[%clk
01:37:52] [%emt 00:00:03]} Nc6 {[%clk 01:40:17] [%emt 00:00:11]} 5. Qd3 {[%clk
01:38:16] [%emt 00:00:06]} Bb4 {[%clk 01:34:11] [%emt 00:06:37]} 6. Bd2 {[%clk
01:36:49] [%emt 00:01:57]} O-O {[%clk 01:26:38] [%emt 00:08:03]} 7. O-O-O {[%clk
01:36:29] [%emt 00:00:50]} d6 {[%clk 01:25:35] [%emt 00:01:33]} 8. Qg3 {[%clk
01:33:12] [%emt 00:03:47]} Nh5 {[%clk 01:20:39] [%emt 00:05:27]} 9. Qe3 {[%clk
01:30:26] [%emt 00:03:15]} Nf6 {[%clk 01:17:24] [%emt 00:03:46]} 10. Qg3 {[%clk
01:24:25] [%emt 00:06:30]} Nh5 {[%clk 01:16:46] [%emt 00:01:08]} 11. Qf3 {[%clk
01:24:20] [%emt 00:00:35]} Nf6 {[%clk 01:16:50] [%emt 00:00:26]} 12. Nge2 {[%clk
01:24:04] [%emt 00:00:46]} Re8 {[%clk 01:06:17] [%emt 00:11:04]} 13. h3 {[%clk
01:21:53] [%emt 00:02:41]} Ne5 {[%clk 00:55:30] [%emt 00:11:16]} 14. Qg3 {[%clk
01:21:25] [%emt 00:00:57]} Nh5 {[%clk 00:55:18] [%emt 00:00:43]} 15. Qg5 {[%clk
01:14:45] [%emt 00:07:10]} Nf6 {[%clk 00:54:20] [%emt 00:01:28]} 16. Qg3 {[%clk
00:46:39] [%emt 00:28:37]} Nh5 {[%clk 00:53:32] [%emt 00:01:18]} 17. Qg5 {[%clk
00:46:49] [%emt 00:00:20]} Nf6 {[%clk 00:53:35] [%emt 00:00:27]} 18. f3 {[%clk
00:46:52] [%emt 00:08:40]} Nc4 19. Qb5 {[%emt 00:03:41]} Nxd2 {[%clk 00:42:56]
[%emt 00:00:14]} 20. Qxb4 {[%clk 00:47:37] [%emt 00:00:39]} Nxf1 21. Rhxf1
{[%clk 00:44:17] [%emt 00:00:45]} b6 22. Rfe1 {[%clk 00:34:45] [%emt 00:06:10]}
Bb7 23. Qd4 {[%emt 00:11:18]} Nd7 {[%emt 00:02:49]} 24. Kb1 {[%emt 00:01:26]}
Rc8 {[%emt 00:02:23]} 25. Ng3 {[%emt 00:01:37]} g6 {[%emt 00:03:03]} 26. Nf1
{[%clk 00:26:50] [%emt 00:01:21]} Qf6 27. Qd2 {[%clk 00:22:45] [%emt 00:06:30]}
Qe6 28. Ne3 {[%emt 00:04:44]} Nf6 {[%emt 00:02:17]} 29. g4 {[%emt 00:06:57]} Qe5
{[%emt 00:01:26]} 30. h4 {[%clk 00:19:59] [%emt 00:00:02]} Qf4 {[%clk 00:25:04]
[%emt 00:02:18]} 31. Rf1 {[%clk 00:14:11] [%emt 00:06:18]} Ba6 {[%clk 00:23:34]
[%emt 00:02:01]} 32. Rf2 {[%clk 00:14:30] [%emt 00:00:10]} Re5 {[%clk 00:18:47]
[%emt 00:05:16]} 33. g5 {[%clk 00:09:16] [%emt 00:05:45]} Nh5 {[%clk 00:17:09]
[%emt 00:02:08]} 34. Ncd5 {[%clk 00:06:51] [%emt 00:02:55]} Qxh4 {[%clk
00:13:59] [%emt 00:03:40]} 35. Ng4 {[%clk 00:07:15] [%emt 00:00:05]} Qxg5 {[%clk
00:14:14] [%emt 00:00:16]} 36. f4 {[%clk 00:05:00] [%emt 00:02:45]} Rxd5 {[%clk
00:13:41] [%emt 00:01:03]} 37. fxg5 {[%clk 00:05:24] [%emt 00:00:06]} Rxd2
{[%clk 00:14:08] [%emt 00:00:03]} 38. Nh6+ {[%clk 00:05:43] [%emt 00:00:11]} Kh8
{[%clk 00:14:33] [%emt 00:00:05]} 39. Rdxd2 {[%clk 00:06:00] [%emt 00:00:13]}
Bc4 {[%clk 00:13:57] [%emt 00:01:06]} 40. b3 {[%clk 00:02:00] [%emt 00:04:31]}
Be6 {[%clk 00:13:29] [%emt 00:00:57]} 41. Nxf7+ {[%clk 00:02:27] [%emt
00:00:03]} Kg7 {[%clk 00:13:26] [%emt 00:00:31]} 42. Nh6 {[%clk 00:02:51] [%emt
00:00:08]} Ng3 {[%clk 00:07:34] [%emt 00:06:20]} 43. Rf4 {[%clk 00:02:16] [%emt
00:01:06]} Rf8 {[%clk 00:40:04] [%emt 00:18:00]} 44. Rdf2 {[%clk 00:51:39] [%emt
00:01:08]} Rxf4 {[%clk 00:38:59] [%emt 00:01:36]} 45. Rxf4 {[%clk 00:52:07]
[%emt 00:00:01]} Bg8 {[%clk 00:39:15] [%emt 00:00:14]} 46. Kb2 {[%clk 00:43:27]
[%emt 00:09:10]} Ne2 {[%clk 00:38:56] [%emt 00:00:49]} 47. Rf6 {[%clk 00:41:17]
[%emt 00:02:37]} Ng3 {[%clk 00:37:15] [%emt 00:02:14]} 48. Nxg8 {[%clk 00:29:08]
[%emt 00:12:40]} Kxg8 {[%clk 00:36:51] [%emt 00:00:52]} 49. e5 {[%clk 00:25:03]
[%emt 00:04:36]} dxe5 {[%clk 00:33:49] [%emt 00:03:32]} 50. Re6 {[%clk 00:22:41]
[%emt 00:02:51]} Kf8 {[%clk 00:29:26] [%emt 00:04:53]} 51. Rxe5 {[%clk 00:18:16]
[%emt 00:04:56]} Nf5 {[%clk 00:28:25] [%emt 00:01:30]} 52. Kc3 {[%clk 00:18:13]
[%emt 00:00:34]} Kf7 {[%clk 00:27:40] [%emt 00:01:14]} 53. Kc4 {[%clk 00:12:53]
[%emt 00:05:51]} c6 {[%clk 00:25:19] [%emt 00:02:52]} 54. Re2 {[%clk 00:12:41]
[%emt 00:00:41]} a5 {[%clk 00:22:22] [%emt 00:03:28]} 55. a4 {[%clk 00:12:46]
[%emt 00:00:25]} h5 {[%clk 00:19:06] [%emt 00:03:45]} 56. gxh6 {[%clk 00:11:56]
[%emt 00:01:20]} Nxh6 {[%clk 00:19:30] [%emt 00:00:05]} 57. c3 {[%clk 00:08:02]
[%emt 00:04:25]} Nf5 {[%clk 00:18:08] [%emt 00:01:51]} 58. b4 {[%clk 00:08:22]}
Nd6+ {[%clk 00:18:28] [%emt 00:00:21]} 59. Kd4 {[%clk 00:08:26]} Kf6 {[%clk
00:17:36] [%emt 00:01:48]} 60. bxa5 {[%emt 00:02:58]} Nf5+ {[%clk 00:17:54]
[%emt 00:00:02]} 61. Kc4 {[%emt 00:01:56]} Nd6+ {[%emt 00:03:50]} 62. Kd3 {[%emt
00:00:31]} bxa5 {[%clk 00:17:57] [%emt 00:00:02]} 63. Kd4 {[%clk 00:02:06] [%emt
00:00:10]} 1-0

[Site "Europe Echecs"]

[Event "Grand Swiss "]
[Date "2025.09.09"]
[White "Sarana, Alexey"]
[Black "Svane, Rasmus"]
[WhiteElo "2686"]
[BlackElo "2620"]
[Round "6.6.51"]
[Result "1/2-1/2"]

1. d4 {[%clk 01:40:54] [%emt 00:00:04]} d5 {[%clk 01:40:58] [%emt 00:00:04]} 2.
c4 {[%clk 01:41:13] [%emt 00:00:10]} c6 {[%clk 01:41:25] [%emt 00:00:03]} 3. Nf3
{[%clk 01:41:27] [%emt 00:00:15]} Nf6 {[%clk 01:41:51] [%emt 00:00:05]} 4. Nc3
{[%clk 01:41:41] [%emt 00:00:16]} e6 {[%clk 01:42:13] [%emt 00:00:08]} 5. e3
{[%clk 01:41:30] [%emt 00:00:42]} Nbd7 {[%clk 01:42:31] [%emt 00:00:11]} 6. Qc2
{[%clk 01:41:45] [%emt 00:00:15]} Bd6 {[%clk 01:42:48] [%emt 00:00:13]} 7. Bd3
{[%clk 01:41:00] [%emt 00:01:14]} O-O {[%clk 01:42:44] [%emt 00:00:35]} 8. O-O
{[%clk 01:41:04] [%emt 00:00:26]} e5 {[%clk 01:42:20] [%emt 00:00:54]} 9. cxd5
{[%clk 01:39:01] [%emt 00:02:33]} cxd5 {[%clk 01:42:45] [%emt 00:00:05]} 10. Nb5
{[%clk 01:38:59] [%emt 00:00:32]} Bb8 {[%clk 01:42:59] [%emt 00:00:16]} 11. dxe5
{[%clk 01:38:37] [%emt 00:00:53]} Nxe5 {[%clk 01:43:23] [%emt 00:00:05]} 12.
Nxe5 {[%clk 01:39:01] [%emt 00:00:06]} Bxe5 {[%clk 01:43:48] [%emt 00:00:05]}
13. Bd2 {[%clk 01:39:19] [%emt 00:00:12]} a6 {[%clk 01:44:09] [%emt 00:00:09]}
14. Bc3 {[%clk 01:39:40] [%emt 00:00:08]} Bxc3 {[%clk 01:43:47] [%emt 00:00:53]}
15. Nxc3 {[%clk 01:40:02] [%emt 00:00:08]} d4 {[%clk 01:41:37] [%emt 00:02:40]}
16. Ne4 {[%clk 01:33:46] [%emt 00:06:45]} h6 {[%clk 01:41:49] [%emt 00:00:19]}
17. Rad1 {[%clk 01:32:48] [%emt 00:01:28]} dxe3 {[%clk 00:37:26] [%emt
01:04:53]} 18. Bc4 {[%clk 01:31:15] [%emt 00:02:02]} Qe7 {[%clk 00:37:35] [%emt
00:00:21]} 19. Nxf6+ {[%clk 01:31:22] [%emt 00:00:24]} Qxf6 {[%clk 00:38:00]
[%emt 00:00:05]} 20. fxe3 {[%clk 01:31:41] [%emt 00:00:11]} Qe7 {[%clk 00:32:25]
[%emt 00:06:04]} 21. Rxf7 {[%clk 01:25:33] [%emt 00:06:38]} Rxf7 {[%clk
00:31:27] [%emt 00:01:28]} 22. Qg6 {[%clk 01:25:48] [%emt 00:00:16]} Bg4 {[%clk
00:27:09] [%emt 00:04:48]} 23. Qxg4 {[%clk 01:25:26] [%emt 00:00:52]} Qxe3+
{[%clk 00:08:14] [%emt 00:19:25]} 24. Kh1 {[%clk 01:25:27] [%emt 00:00:29]} Qf2
{[%clk 00:08:13] [%emt 00:00:30]} 25. Qe6 {[%clk 01:20:09] [%emt 00:05:49]} Raf8
{[%clk 00:07:08] [%emt 00:01:35]} 26. Qg6 {[%clk 01:17:45] [%emt 00:02:54]} Kh8
{[%clk 00:06:43] [%emt 00:00:55]} 27. Bxf7 {[%clk 01:18:08] [%emt 00:00:08]}
Qxf7 {[%clk 00:04:58] [%emt 00:02:14]} 28. Qxf7 {[%clk 01:18:32] [%emt
00:00:07]} Rxf7 {[%clk 00:05:25] [%emt 00:00:03]} 29. Kg1 {[%clk 01:18:57] [%emt
00:00:05]} Rc7 {[%clk 00:04:54] [%emt 00:01:00]} 30. Rd2 {[%clk 01:19:21] [%emt
00:00:06]} Kg8 {[%clk 00:05:19] [%emt 00:00:05]} 31. Kf2 {[%clk 01:19:43] [%emt
00:00:08]} 1/2-1/2

[Site "Europe Echecs"]

[Event "Grand Swiss "]
[Date "2025.09.09"]
[White "Ivic, Velimir"]
[Black "Daneshvar, Bardiya"]
[WhiteElo "2630"]
[BlackElo "2598"]
[Round "6.6.52"]
[Result "1-0"]

1. e4 {[%clk 01:40:55] [%emt 00:00:04]} e5 {[%clk 01:40:58] [%emt 00:00:03]} 2.
Nf3 {[%clk 01:41:01] [%emt 00:00:24]} Nc6 {[%clk 01:41:23] [%emt 00:00:05]} 3.
Bb5 {[%clk 01:41:03] [%emt 00:00:27]} Nf6 {[%clk 01:41:48] [%emt 00:00:05]} 4.
d3 {[%clk 01:40:17] [%emt 00:01:16]} Bc5 {[%clk 01:41:55] [%emt 00:00:25]} 5. c3
{[%clk 01:40:33] [%emt 00:00:13]} O-O {[%clk 01:42:17] [%emt 00:00:07]} 6. Bg5
{[%clk 01:40:40] [%emt 00:00:23]} Be7 {[%clk 01:42:07] [%emt 00:00:41]} 7. Nbd2
{[%clk 01:40:25] [%emt 00:00:45]} d6 {[%clk 01:42:22] [%emt 00:00:16]} 8. O-O
{[%clk 01:40:31] [%emt 00:00:22]} h6 {[%clk 01:42:44] [%emt 00:00:08]} 9. Bh4
{[%clk 01:40:56] [%emt 00:00:05]} Nh5 {[%clk 01:43:10] [%emt 00:00:04]} 10. Bg3
{[%clk 01:41:21] [%emt 00:00:05]} Nxg3 {[%clk 01:43:36] [%emt 00:00:05]} 11.
fxg3 {[%clk 01:41:45] [%emt 00:00:05]} Nb8 {[%clk 01:44:04] [%emt 00:00:03]} 12.
a4 {[%clk 01:36:09] [%emt 00:06:06]} c6 {[%clk 01:43:55] [%emt 00:00:39]} 13.
Bc4 {[%clk 01:36:30] [%emt 00:00:08]} Nd7 {[%clk 01:42:03] [%emt 00:02:23]} 14.
Ba2 {[%clk 01:33:06] [%emt 00:03:54]} Nf6 {[%clk 01:31:37] [%emt 00:10:56]} 15.
h3 {[%clk 01:32:04] [%emt 00:01:32]} g6 {[%clk 01:27:02] [%emt 00:05:05]} 16.
Qe2 {[%clk 01:22:54] [%emt 00:09:40]} Nh5 {[%clk 01:20:16] [%emt 00:07:15]} 17.
Kh2 {[%clk 01:17:40] [%emt 00:05:45]} Ng7 {[%clk 01:18:49] [%emt 00:01:57]} 18.
d4 {[%clk 01:14:00] [%emt 00:04:09]} Bf6 {[%clk 01:12:25] [%emt 00:06:54]} 19.
Nc4 {[%clk 01:01:14] [%emt 00:13:16]} Qe7 {[%clk 01:08:36] [%emt 00:04:19]} 20.
Rad1 {[%clk 00:55:19] [%emt 00:06:25]} Be6 {[%clk 01:03:51] [%emt 00:05:16]} 21.
Bb1 {[%clk 00:52:54] [%emt 00:02:55]} Rad8 {[%clk 00:47:34] [%emt 00:16:47]} 22.
dxe5 {[%clk 00:35:33] [%emt 00:17:51]} dxe5 {[%clk 00:47:17] [%emt 00:00:47]}
23. Rxd8 {[%clk 00:34:16] [%emt 00:01:47]} Qxd8 {[%clk 00:37:50] [%emt
00:09:57]} 24. Ncxe5 {[%clk 00:33:25] [%emt 00:01:21]} Bxe5 {[%clk 00:36:20]
[%emt 00:02:00]} 25. Nxe5 {[%clk 00:33:36] [%emt 00:00:19]} Qa5 {[%clk 00:36:43]
[%emt 00:00:07]} 26. Nc4 {[%clk 00:24:50] [%emt 00:09:16]} Qc5 {[%clk 00:21:27]
[%emt 00:15:47]} 27. Nd2 {[%clk 00:24:13] [%emt 00:01:06]} Rd8 {[%clk 00:17:06]
[%emt 00:04:51]} 28. e5 {[%clk 00:22:23] [%emt 00:02:20]} Kh8 {[%clk 00:16:39]
[%emt 00:00:56]} 29. Rf4 {[%clk 00:19:07] [%emt 00:03:47]} b5 {[%clk 00:16:33]
[%emt 00:00:36]} 30. Rh4 {[%clk 00:15:50] [%emt 00:03:47]} h5 {[%clk 00:16:25]
[%emt 00:00:38]} 31. a5 {[%clk 00:12:13] [%emt 00:04:07]} a6 {[%clk 00:14:13]
[%emt 00:02:42]} 32. Rf4 {[%clk 00:12:10] [%emt 00:00:33]} Rd7 {[%clk 00:13:33]
[%emt 00:01:10]} 33. Qe1 {[%clk 00:08:11] [%emt 00:04:29]} Qd5 {[%clk 00:10:48]
[%emt 00:03:16]} 34. Rd4 {[%clk 00:07:18] [%emt 00:01:22]} Qc5 {[%clk 00:11:14]
[%emt 00:00:04]} 35. Rf4 {[%clk 00:07:38] [%emt 00:00:10]} Qd5 {[%clk 00:11:36]
[%emt 00:00:08]} 36. Rd4 {[%clk 00:07:39] [%emt 00:00:29]} Qc5 {[%clk 00:12:03]
[%emt 00:00:03]} 37. Nf3 {[%clk 00:05:23] [%emt 00:02:45]} Qe7 {[%clk 00:11:08]
[%emt 00:01:26]} 38. Qd2 {[%clk 00:03:47] [%emt 00:02:07]} c5 {[%clk 00:09:58]
[%emt 00:01:40]} 39. Rd6 {[%clk 00:03:16] [%emt 00:01:01]} Kg8 {[%clk 00:09:38]
[%emt 00:00:49]} 40. Ng5 {[%clk 00:00:49] [%emt 00:02:56]} Rxd6 {[%clk 00:07:37]
[%emt 00:02:31]} 41. exd6 {[%clk 00:00:53] [%emt 00:00:26]} Qd8 {[%clk 00:05:51]
[%emt 00:02:17]} 42. b4 {[%clk 00:38:02] [%emt 00:13:20]} cxb4 {[%clk 00:56:06]
[%emt 00:00:15]} 43. cxb4 {[%clk 00:38:27] [%emt 00:00:05]} Bc4 {[%clk 00:56:32]
[%emt 00:00:04]} 44. Be4 {[%clk 00:35:32] [%emt 00:03:25]} Kf8 {[%clk 00:53:28]
[%emt 00:03:33]} 45. Bc6 {[%clk 00:32:09] [%emt 00:03:54]} Nf5 {[%clk 00:53:36]
[%emt 00:00:22]} 46. Ne4 {[%clk 00:31:59] [%emt 00:00:40]} 1-0

[Site "Europe Echecs"]